La violencia de género económica en la liquidación de la comunidad ganancial y el acceso a la justicia / (Registro nro. 5788)
[ vista simple ]
| 000 -LEADER | |
|---|---|
| fixed length control field | 01410nab a22002417a 4500 |
| 003 - CONTROL NUMBER IDENTIFIER | |
| control field | OSt |
| 005 - DATE AND TIME OF LATEST TRANSACTION | |
| control field | 20260106182044.0 |
| 008 - FIXED-LENGTH DATA ELEMENTS--GENERAL INFORMATION | |
| fixed length control field | 190514b xxu||||| |||| 00| 0 spa d |
| 040 ## - CATALOGING SOURCE | |
| Transcribing agency | PJ |
| 100 ## - MAIN ENTRY--PERSONAL NAME | |
| 9 (RLIN) | 3614 |
| Personal name | Rotonda, Adriana E. |
| 245 13 - TITLE STATEMENT | |
| Title | La violencia de género económica en la liquidación de la comunidad ganancial y el acceso a la justicia / |
| Statement of responsibility, etc | Adriana Rotonda. |
| 300 ## - PHYSICAL DESCRIPTION | |
| Extent | p. 157-177 |
| 505 ## - FORMATTED CONTENTS NOTE | |
| Formatted contents note | Sumario: I. Introducción.— II. El acceso a la justicia en los procesos de<br/>liquidación de la comunidad.— III. La violencia económica de género en la comunidad de gananciales.— IV. Las normas sobre la violencia de género y el acceso a la justicia.— V. Las normas locales: el principio de gratuidad y su alcance.— VI. La tasa de justicia en las actuaciones judiciales.— VII. El acceso al proceso sin gastos.— VIII. Otra vía posible para la nivelación procesal económica.— IX. A modo de conclusiones. |
| 505 ## - FORMATTED CONTENTS NOTE | |
| Title | Si te interesa el texto, comunicate a koha@justierradelfuego.gov.ar |
| 650 #0 - SUBJECT ADDED ENTRY--TOPICAL TERM | |
| 9 (RLIN) | 967 |
| Topical term or geographic name as entry element | DERECHO DE FAMILIA |
| 650 #0 - SUBJECT ADDED ENTRY--TOPICAL TERM | |
| Topical term or geographic name as entry element | DIVORCIO |
| 9 (RLIN) | 977 |
| 650 #0 - SUBJECT ADDED ENTRY--TOPICAL TERM | |
| Topical term or geographic name as entry element | VIOLENCIA DE GÉNERO |
| 9 (RLIN) | 3053 |
| 650 #0 - SUBJECT ADDED ENTRY--TOPICAL TERM | |
| Topical term or geographic name as entry element | VIOLENCIA ECONÓMICA |
| 9 (RLIN) | 5360 |
| 650 #0 - SUBJECT ADDED ENTRY--TOPICAL TERM | |
| Topical term or geographic name as entry element | REGIMEN PATRIMONIAL DEL MATRIMONIO |
| 9 (RLIN) | 723 |
| 650 #0 - SUBJECT ADDED ENTRY--TOPICAL TERM | |
| Topical term or geographic name as entry element | RÉGIMEN DE COMUNIDAD DE BIENES |
| 9 (RLIN) | 5328 |
| 773 0# - HOST ITEM ENTRY | |
| Host Biblionumber | 2844 |
| Host Itemnumber | 3222 |
| Place, publisher, and date of publication | Buenos Aires : AbeledoPerrot, 1989- |
| Title | Derecho de familia. N° 115 - Julio 2024 |
| International Standard Book Number | 18511201 |
| 942 ## - ADDED ENTRY ELEMENTS (KOHA) | |
| Source of classification or shelving scheme | |
| Koha item type | Analítica Artículo de Revista |
No hay ítems disponibles.
